banner koha

Diagnóstico Rural Participativo (DRP): uma experiência acadêmica com agricultores familiares das comunidades rurais de Rio do Sul e Rio da Prata, Anitápolis, Santa Catarina (Registro n. 294329)

MARC details
000 -LÍDER
campo de controle de tamanho fixo 01508nac a22004217a 4500
001 - NÚMERO DE CONTROLE
campo de controle BR0503903
003 - IDENTIFICADOR DO NÚMERO DE CONTROLE
campo de controle BR-BrBNA
005 - DATA E HORÁRIO DA ÚLTIMA TRANSAÇÃO
campo de controle 20240105123159.0
008 - CAMPO DE DADOS FIXOS--INFORMAÇÃO GERAL
campo de controle de tamanho fixo 230509b bl.|||m| |||| 00| 0 por d
040 ## - FONTE DA CATALOGAÇÃO
Instituição da catalogação original BR-BrBNA
Idioma da catalogação por
Instituição que transcreveu o registro Biblioteca Nacional de Agricultura
072 ## - CÓDIGO DE CATEGORIA DE ASSUNTO
Código de Categoria de Assunto E14; E50
090 ## - NÚMERO DE CHAMADA LOCAL
Número de chamada 4020 BR0503903
100 1# - ENTRADA PRINCIPAL--NOME PESSOAL
Nome pessoal Pinheiro, S.L.G.(Org.)Meneghini, A.J.
100 1# - ENTRADA PRINCIPAL--NOME PESSOAL
Nome pessoal Kunze, A.
100 1# - ENTRADA PRINCIPAL--NOME PESSOAL
Nome pessoal Zimmerman, D.G.
100 1# - ENTRADA PRINCIPAL--NOME PESSOAL
Nome pessoal Almeida, D.G. de
100 1# - ENTRADA PRINCIPAL--NOME PESSOAL
Nome pessoal Sales, E.F.
100 1# - ENTRADA PRINCIPAL--NOME PESSOAL
Nome pessoal Piazera, E.M.
100 1# - ENTRADA PRINCIPAL--NOME PESSOAL
Nome pessoal Alves, J.R.
100 1# - ENTRADA PRINCIPAL--NOME PESSOAL
Nome pessoal Vivan, J.L.
100 1# - ENTRADA PRINCIPAL--NOME PESSOAL
Nome pessoal Ballivián, J.M.P.P.
100 1# - ENTRADA PRINCIPAL--NOME PESSOAL
Nome pessoal Müller, J.
100 1# - ENTRADA PRINCIPAL--NOME PESSOAL
Nome pessoal Simioni, J.
100 1# - ENTRADA PRINCIPAL--NOME PESSOAL
Nome pessoal Sales, M.N.G.
100 1# - ENTRADA PRINCIPAL--NOME PESSOAL
Nome pessoal Machado, M.O.
110 1# - ENTRADA PRINCIPAL--NOME CORPORATIVO
Nome corporativo ou nome da jurisdição Empresa de Pesquisa Agropecuária e Extensão Rural de Santa Catarinas S.A.; Florianópolis (Brasil)
245 1# - TÍTULO
Título Diagnóstico Rural Participativo (DRP): uma experiência acadêmica com agricultores familiares das comunidades rurais de Rio do Sul e Rio da Prata, Anitápolis, Santa Catarina
260 3# - PUBLICAÇÃO, DISTRIBUIÇÃO, ETC.
Local de publicação, distribuição, etc. Florianópolis, SC (Brasil):
Data da publicação, distribuição, etc. 2004.
300 ## - DESCRIÇÃO FÍSICA
Extensão 80 p.
490 ## - TÍTULO DA SÉRIE
Título da série Documentos - Empresa de Pesquisa Agropecuária e Extensão Rural de Santa Catarina S.A. (Brazil)
Número do volume ou designação sequencial da série no. 213
ISSN - International Standard Serial Number ISSN 0100-8986
500 ## - NOTA GERAL
Nota geral 26 illus.; 5 tables; 17 ref.
650 ## - ASSUNTO--TERMO TÓPICO
Cabeçalho tópico ou nome geográfico COMUNIDADE RURAL
650 ## - ASSUNTO--TERMO TÓPICO
Cabeçalho tópico ou nome geográfico PLANEJAMENTO PARTICIPATIVO
650 ## - ASSUNTO--TERMO TÓPICO
Cabeçalho tópico ou nome geográfico AGRICULTURA FAMILIAR
650 ## - ASSUNTO--TERMO TÓPICO
Cabeçalho tópico ou nome geográfico SANTA CATARINA
909 ## -
-- 202312
-- Lúcia Elande
-- 55
-- Lúcia Elande
942 ## - ELEMENTOS DE ENTRADA ADICIONADOS (KOHA)
Fonte da classificação ou esquema de arquivamento na estante Classificação AGRIS
Ocultar no OPAC Não
Tipo de material Koha Monografia Seriada
Exemplares
Situação do descarte Fonte da classificação ou esquema de arquivamento na estante Situação física Não pode ser emprestado Coleção Biblioteca de origem Biblioteca atual Localização na estante Total de empréstimos Número de telefone completo Código de barras Data de último acesso Tipo de material Koha Fonte de aquisição
  Classificação AGRIS       Biblioteca Nacional de Agricultura - Binagri Biblioteca Nacional de Agricultura - Binagri Agrobase - Acervo Geral   4020 BR0503903 4020 BR0503903 18/12/2023 Monografia Seriada Portaria Interministerial nº 164/94

BINAGRI

Telefone: (61)3218-2567/2388/3357/2097 - binagri@agro.gov.br

Ministério da Agricultura e Pecuária , Esplanada dos Ministérios, Bloco D, Anexo B, Brasília/DF, CEP: 70.043-900